00363nam a2200109Ia 4500082001200000245002900012100002600041942003000067008004100097999001900138952009600157 aAF WEST 0aDie miljoener se dogter  aWeston, Sophie910826 cBKy296zPhillipina Naude210817s9999 xx 000 0 und d c186405d186409 00104070aTRICLbTRICLd2021-08-18g229.00l0p33228010223616r2021-08-18w2021-08-18yBK